Francesca by Hozier - Lyrics Quiz - Statistics

General Stats
  • This quiz has been taken 134 times
    120 since last reset
  • The average score is 225 of 270
Answer Stats
Answer % Correct
a
100%
i
100%
me
99%
the
99%
could
97%
do
97%
i'd
97%
it"
96%
it
96%
would
96%
you
96%
back
94%
give
94%
in
94%
"put
94%
think
94%
again
93%
if
93%
tell
93%
them
93%
up?
93%
up
93%
so
90%
that
90%
darlin'
88%
for
88%
love
88%
was
88%
hold
87%
how
87%
minute
87%
be
85%
any
84%
and
82%
end
82%
go
82%
life
82%
my
82%
on
82%
hurricane?
81%
not
81%
at
79%
from
79%
to
79%
easily?
78%
this
78%
through
78%
scare
76%
asked
75%
born
75%
of
75%
since
75%
still
75%
someone
74%
storm
74%
thing
74%
fear
72%
like
72%
brink
71%
one
71%
shook
71%
surprised
71%
ah
69%
there's
69%
find
66%
might've
65%
change
63%
done
63%
heart
62%
it's
62%
part
62%
your
62%
all
60%
body
60%
cancer
60%
each
60%
is
60%
now
60%
away
59%
break
59%
grows
59%
heaven
59%
takes
59%
when
57%
ripped
56%
soon
56%
too
54%
where
54%
knew
53%
never
53%
peace
53%
takin'
53%
house
51%
piece
51%
we'd
50%
what
50%
fit
49%
grip
49%
said
49%
time
47%
good
46%
though
44%
or
43%
side
40%
things?
40%
ours
38%
far
37%
cease
35%
No matching quizzes found
Score Distribution
Percent of People with Each Score
Percentile by Number Answered
Your Score History
You have not taken this quiz since the last reset